000 00516pab a2200193 454500
008 180718b2008 xxu||||| |||| 00| 0 eng d
100 _aDutta, Puja Vasudeva
245 _aThe gender pay gap in an era of economic change: evidence for India, 1983 to 2004
260 _c2008
300 _ap.341-66.
362 _aJul-Sep
650 _aWomen - India
650 _aWages - India
650 _aWages
700 _aReilly, Barry
773 _aIndian Journal of Labour Economics
908 _aN
909 _a81047
999 _c81047
_d81047